Italy Immigration by Country - Statistics

General Stats
  • This quiz has been taken 110 times
    93 since last reset
  • The average score is 14 of 22
Answer Stats
# People Country of Origin % Correct
1.207.919 Romania
88%
416.531 Morocco
87%
432.458 Albania
85%
305.089 China
84%
98.321 Tunisia
84%
161.101 India
80%
136.113 Egypt
74%
91.681 Poland
68%
127.101 Pakistan
66%
54.556 Brazil
65%
240.428 Ukraine
65%
59.806 Bulgaria
63%
117.809 Nigeria
61%
147.872 Bangladesh
60%
169.137 Philippines
55%
124.545 Moldova
54%
51.619 Ghana
49%
111.380 Senegal
49%
97.738 Peru
46%
114.910 Sri Lanka
43%
77.408 Ecuador
35%
58.057 North Macedonia
35%
No matching quizzes found
Score Distribution
Percent of People with Each Score
Percentile by Number Answered
Your Score History
You have not taken this quiz since the last reset